The workshop approach to classroom interest centers : (Record no. 185875)
[ view plain ]
| 000 -LEADER | |
|---|---|
| fixed length control field | 01546 a2200229 4500 |
| 003 - CONTROL NUMBER IDENTIFIER | |
| control field | NUST |
| 005 - DATE AND TIME OF LATEST TRANSACTION | |
| control field | 20230102175946.0 |
| 010 ## - LIBRARY OF CONGRESS CONTROL NUMBER | |
| LC control number | 75017565 |
| 020 ## - INTERNATIONAL STANDARD BOOK NUMBER | |
| International Standard Book Number | 0139653279 |
| 040 ## - CATALOGING SOURCE | |
| Transcribing agency | Nust |
| 082 00 - DEWEY DECIMAL CLASSIFICATION NUMBER | |
| Classification number | 372.13,ING |
| 100 1# - MAIN ENTRY--PERSONAL NAME | |
| Personal name | Ingram, Barbara Kilroy, |
| 9 (RLIN) | 106663 |
| 245 14 - TITLE STATEMENT | |
| Title | The workshop approach to classroom interest centers : |
| Remainder of title | a teacher's handbook of learning games and activities / |
| Statement of responsibility, etc. | Barbara Kilroy Ingram, Nancy Riggs Jones, Marlene LeButt ; illustrated by Barbara Kilroy Ingram. |
| 260 ## - PUBLICATION, DISTRIBUTION, ETC. | |
| Place of publication, distribution, etc. | West Nyack, N.Y. : |
| Name of publisher, distributor, etc. | Parker Pub. Co., |
| Date of publication, distribution, etc. | [1975] |
| 300 ## - PHYSICAL DESCRIPTION | |
| Extent | 227 p. : |
| Other physical details | ill. ; |
| Dimensions | 24 cm. |
| 505 ## - FORMATTED CONTENTS NOTE | |
| Formatted contents note | Establishing the Model Workshop (Page-21), Individualizing the Basic Operations Through the Math Shop (Page-34), Combining Penmanship and Creative Artistry in the Hand art Shop (Page-57), self-Discovery in the Science Shop (Page-74), The Reading Shop for Enjoyment and Enlightenment (Page-88), Stimulating the Mind Through the Creative Writing Shop (Page-101), Developing Vocabulary in The Spelling Shop (Page-116), Sight and Sound Experiences Through the A.V.Shop (Page-128), Becoming A Ware of the World in the Social Studies Shop (Page-142), Developing Study Units for the Health Shop (Page-169), Expressing yourself Correctly in the Language Shop (Page-187), Interest Centers the Workshop Way (Page-212). |
| 650 #0 - SUBJECT ADDED ENTRY--TOPICAL TERM | |
| Topical term or geographic name entry element | Creative activities and seat work. |
| 9 (RLIN) | 106664 |
| 650 #0 - SUBJECT ADDED ENTRY--TOPICAL TERM | |
| Topical term or geographic name entry element | Educational games. |
| 9 (RLIN) | 106665 |
| 700 1# - ADDED ENTRY--PERSONAL NAME | |
| Personal name | Jones, Nancy Riggs, |
| Dates associated with a name | 1950- |
| 9 (RLIN) | 106666 |
| 700 1# - ADDED ENTRY--PERSONAL NAME | |
| Personal name | LeButt, Marlene, |
| Dates associated with a name | 1948- |
| 9 (RLIN) | 106667 |
| 942 ## - ADDED ENTRY ELEMENTS (KOHA) | |
| Source of classification or shelving scheme | |
| Koha item type | Book |
| Call number prefix | 372.13,ING |
| Withdrawn status | Lost status | Source of classification or shelving scheme | Damaged status | Not for loan | Permanent Location | Current Location | Shelving location | Date acquired | Full call number | Barcode | Date last seen | Price effective from | Koha item type | Public note |
|---|---|---|---|---|---|---|---|---|---|---|---|---|---|---|
| Military College of Signals (MCS) | Military College of Signals (MCS) | General Stacks | 12/12/2016 | 372.13,ING | MCS20683 | 12/08/2016 | 12/12/2016 | Book | Almirah No.54, Shelf No.3 |
